Avelo Airlines Destinations - Statistics

General Stats
  • This quiz has been taken 26 times
  • The average score is 30 of 54
Answer Stats
Country Destination % Correct
United States Atlanta
100%
United States Fort Lauderdale
93%
United States Jacksonville
93%
United States Orlando
93%
United States Chicago
86%
United States Detroit
86%
United States Miami
86%
United States Tampa
86%
United States Washington
86%
United States Charlotte/Concord
79%
United States Fort Myers
79%
United States Hartford
79%
United States Nashville
79%
Dominican Republic Punta Cana
79%
Puerto Rico San Juan
79%
United States Baltimore
71%
United States Charleston
71%
United States Grand Rapids
71%
United States Albany
64%
Mexico Cancún
64%
United States Dallas/Fort Worth
64%
United States Las Vegas
64%
Jamaica Montego Bay
64%
United States Myrtle Beach
64%
United States New Haven
64%
United States New Orleans
64%
United States Savannah
64%
United States Wilmington (DE)
64%
United States Wilmington (NC)
64%
United States Burbank
57%
United States Destin/Fort Walton Beach
57%
United States Rochester
57%
United States West Palm Beach
57%
United States Daytona Beach
50%
United States Houston
50%
United States Portland (ME)
50%
United States Sarasota
50%
United States Greenville/Spartanburg
43%
United States Knoxville
43%
United States Islip
36%
United States Lakeland
36%
United States Manchester
36%
United States Raliegh/Durham
29%
United States Palm Springs
21%
United States Traverse City
21%
United States Bozeman
14%
United States Kalispell
14%
United States Medford
14%
United States Salem (OR)
14%
United States Eugene
7%
United States Eureka
7%
United States Redmond
7%
United States Santa Rosa
7%
United States Pasco
0%
No matching quizzes found
Score Distribution
Percent of People with Each Score
Percentile by Number Answered
Your Score History
You have not taken this quiz